000 00600nam a22001577a 4500
003 ASAB
005 20180827062833.0
008 180510t xxu||||| |||| 00| 0 eng d
040 _cASAB
100 _aAbdul Ghafar-sup-Dr. Sobia Manzoor
_93841
245 _aTH-MS-Molecular Detection and Phylogenetic Analysis of Newcastle Disease Virus (NDV) on basic of Fusion protein (F) gene isolated from Poultry in Punjab Pakistan
_cAbdul Ghafar-sup-Dr. Sobia Manzoor
260 _aIslamabad
_bASAB (NCVI)
_c2012
300 _axiii, 103 P
_b30 cm
630 _aVirology and Immunology
_93842
942 _2ddc
_cTH
999 _c480821
_d480821